| 000 | 00533nam a22001697a 4500 | ||
|---|---|---|---|
| 005 | 20260413113555.0 | ||
| 008 | 260223b |||||||| |||| 00| 0 eng d | ||
| 020 | _a978-0-2016-2420-5 | ||
| 100 | _aSLATER MEL | ||
| 245 | _aCOMPUTER GRAPHICS AND VIRTUAL ENVIRONMENTS: FROM REALISM TO REAL-TIME | ||
| 260 |
_aNEW YORK, _bPEARSON, _c2002, |
||
| 300 | _aXXIII,571P, ILL | ||
| 500 | _aINCLUDES BIBLIOGRAPHICAL REFERENCES AND INDEX | ||
| 650 | _aCOMPUTER GRAPHICS | ||
| 700 | _a STEED ANTONY , CHRYSANTHOU YIORGOS | ||
| 942 |
_2lcc _cBK |
||
| 999 |
_c216599 _d216599 |
||